000 00591nam a22001937a 4500
005 20251108173314.0
008 250721s1980 xx 000 0 ara d
082 1 4 _a900.72/باق
100 1 _aباقر، طه
245 1 0 _aطرق البحث العلمي في التاريخ والآثار /
264 1 _aالموصل :
_bمكتبة دار الكتب للطباعة والنشر،
_c1980.
300 _a203ص
650 1 7 _aالأبحاث
650 1 7 _aالتاريخ
650 1 7 _aالآثار
700 1 _aحميد، عبد العزيز
942 _2ddc
_cBK
999 _c100820
_d100820